| 000 | 00649nam a22001937a 4500 | ||
|---|---|---|---|
| 003 | OSt | ||
| 005 | 20260311003039.0 | ||
| 008 | 260311b |||||||| |||| 00| 0 eng d | ||
| 020 | _a971-08-6436-X. | ||
| 040 |
_aDWCL Main lib _cOC |
||
| 082 | _aFil. 808.5 B352h 2004 | ||
| 100 | _aBauzon, Prisciliano T. | ||
| 245 |
_aHandbook in public speaking, argumentation and debate _cPrisciliano T. Bauzon |
||
| 260 |
_aMandaluyong City : _bNational Book Store, _cc2004. |
||
| 300 |
_a112 p. ; _c27 cm. |
||
| 504 | _aIncludes bibliographical references and index. | ||
| 650 | _a1. Public speaking-Handbooks, manuals, etc. | ||
| 942 |
_2ddc _cBK - FIL _kFil. _n0 |
||
| 999 |
_c8899 _d8899 |
||